Las profesiones de la mujer (Record no. 166514)

MARC details
000 -LEADER
campo de control de longitud fija 00821nam a22001935i 4500
001 - NÚMERO DE CONTROL
campo de control 166514
003 - IDENTIFICADOR DE NÚMERO DE CONTROL
campo de control ES-MaACL
005 - FECHA Y HORA DE LA ÚLTIMA TRANSACCIÓN
campo de control 20250718063338.0
008 - DATOS DE LONGITUD FIJA--INFORMACIÓN GENERAL
campo de control de longitud fija 050913s1893 sp | |||||||| ||spa d
040 ## - FUENTE DE CATALOGACIÓN
Centro catalogador/agencia de origen CAM
Lengua de catalogación spa
Centro/agencia transcriptor CAM
100 1# - ENTRADA PRINCIPAL--NOMBRE DE PERSONA
Nombre de persona Torres Campos, Rafael,
Fechas asociadas al nombre 1853-1904
9 (RLIN) 110935
245 14 - MENCIÓN DEL TÍTULO
Título Las profesiones de la mujer
Resto del título : ponencia sobre el tema IV de la sección V del Congreso Pedagógico Hispano-Portugués-Americano /
Mención de responsabilidad, etc. por R. Torres Campos.
260 ## - PUBLICACIÓN, DISTRIBUCIÓN, ETC.
Lugar de publicación, distribución, etc. Madrid :
Nombre del editor, distribuidor, etc. [s.n.],
Fecha de publicación, distribución, etc. 1893 (
Fabricante Fortanet)
300 ## - DESCRIPCIÓN FÍSICA
Extensión 72 p. ;
Dimensiones 17 cm.
650 #4 - PUNTO DE ACCESO ADICIONAL DE MATERIA--TÉRMINO DE MATERIA
Término de materia o nombre geográfico como elemento de entrada Mujeres-
Subdivisión general Trabajo.
9 (RLIN) 15318
711 2# - ENTRADA AGREGADA--NOMBRE DE REUNIÓN
Nombre de congreso/reunión o jurisdicción como elemento de entrada Congreso Pedagógico Hispano Portugués Americano (
Número del congreso/reunión o número de parte o sección 1º.
Fecha del congreso o de la firma del tratado 1892.
Sede del congreso/Lugar de la reunión Madrid)
9 (RLIN) 135102
852 ## - LOCALIZACIÓN
Ubicación ES-MaACL
Número de control de estantería T-645-F-2
Nota libre -- Enc. hol., conservando la cub. original
-- -- Enc. en un vol. facticio
Holdings
Estatus retirado Estado de pérdida Estado de daño No para préstamo Colección Biblioteca de origen Biblioteca actual Ubicación en estantería Fecha de adquisición Total de préstamos Signatura topográfica completa Código de barras Visto por última vez Precio de reemplazo Tipo de ítem Koha
        Colección de folletos Biblioteca del Ateneo de Madrid Biblioteca del Ateneo de Madrid Depósito folletos 17/01/2008   T-645-F-2 1174642 23/02/2023 23/02/2023 Folleto